Liczby po włosku do 30 - Statystyki

Ogólne statystyki
  • Ten quiz został rozwiązany 391 razy
  • Średni wynik to 22 z 30
Statystyki odpowiedzi
liczby liczby po włosku % Poprawnych
1 uno
99%
3 tre
98%
4 quattro
95%
2 due
93%
6 sei
92%
8 otto
91%
10 dieci
90%
5 cinque
89%
9 nove
89%
7 sette
89%
13 tredici
84%
11 undici
83%
12 dodici
81%
20 venti
73%
22 ventidue
67%
23 ventitre
67%
21 ventuno
66%
24 ventiquattro
65%
18 diciotto
63%
16 sedici
63%
17 diciassette
62%
15 quindici
62%
25 venticinque
62%
26 ventisei
62%
27 ventisette
62%
19 diciannove
60%
29 ventinove
60%
28 ventotto
59%
30 trenta
56%
14 quatordici
49%
Nie znaleziono quizów pasujących do podanych kryteriów
Rozkład punktacji
Procent ludzi z każdym wynikiem
Percentyl według liczby udzielonych odpowiedzi
Twoja historia wyników
Nie rozwiązałeś tego quizu